000 00883nam a2200241 a 4500
001 78517
003 BD-RjUL
005 20211209083135.0
008 210929s2021 bg ||||| |||| 00| 0 ben d
035 _a(BD-RjUL)78743
040 _aBD-RjUL
_beng
_cBD-RjUL
041 _aben
082 _223
_a370.92
_bCHJ 2021
100 _aচৌধুরী, মঞ্জুলা
_9248739
245 1 0 _aযুদ্ধ এবং যুদ্ধ /
_cমঞ্জুলা চৌধুরী
260 _aরাজশাহী :
_bফেমাস বুকস্,
_c২০২১
300 _a১১২ পৃ.:
_bচিত্রসমূহ ;
_c২২ সেমি.
600 _aচৌধুরী, মিটু
_9248745
600 _aChowdhury, Mitu
_9248746
650 _aEducators
_xBiography
_9248743
650 _aশিক্ষাবিদ
_xজীবনী
_9248744
942 _2ddc
_cBK
999 _c78517
_d78517